| 000 | 00406nam a22001457a 4500 | ||
|---|---|---|---|
| 082 |
_aP-397 _bP-397 |
||
| 100 |
_aSaad Younas Syndicate # 21 _948150 |
||
| 245 |
_aRehabilitation and retrofitting of rcc frame structures _cSaad Younas, Murtaza |
||
| 260 | _c2008 | ||
| 300 | _a54 P, : | ||
| 526 |
_a0 _b0 _c0 _dP_397_P397 |
||
| 650 | _aProject | ||
| 700 |
_aLec Muhammad Ali Shaikh _948151 |
||
| 942 |
_2ddc _cBK |
||
| 999 |
_c551173 _d551173 |
||